Statistics for Biggest Cities in Europe starting with K

Click here to take the quiz!

General Stats

  • This quiz has been taken 46 times
  • The average score is 6 of 24

Answer Stats

Population Country Answer % Correct
2,590,000UkraineKiev
85%
740,000PolandKrakow
85%
1,494,000UkraineKharkov
51%
234,000GermanyKiel
49%
344,000PolandKatowice
44%
1,092,000RussiaKazan
44%
425,000RussiaKaliningrad
38%
640,000RussiaKrasnodar
38%
266,000United KingdomKingston upon Hull
38%
414,000LithuaniaKaunas
31%
876,000RussiaKrasnoyarsk
31%
242,000SlovakiaKosice
26%
277,000GermanyKarlsruhe
23%
440,000RussiaKursk
18%
705,000UkraineKryvyi Rih
8%
241,000GermanyKrefeld
8%
364,000RussiaKurgan
8%
466,000RussiaKirov
5%
354,000UkraineKherson
5%
339,000RussiaKaluga
5%
287,000RussiaKostroma
5%
492,000RussiaKemerovo
5%
267,000UkraineKirovograd
0%
258,000UkraineKhmelnitsky
0%

Score Distribution

Percentile by Number Answered

Percent of People with Each Score

Your Score History

You have not taken this quiz